000 00914nam a22002897a 4500
001 BR7000787
003 BR-BrBNA
005 20230928083617.0
007 ta
008 230509b bl.||||| |||| 00| 0 por d
040 _aBR-BrBNA
_bpor
_cBiblioteca Nacional de Agricultura
041 _a(Por)
072 _aF00
_b2120
_b3530
090 _ 2120 BR7000787
100 1 _aLeite, J.G.A.
110 1 _aInstituto Brasileiro do Cafe, Rio de Janeiro, RJ;
110 1 _aGrupo Executivo de Racionalizacao da Cafeicultura, Varginha, MG (Brasil). Servico Regional de Assistencia a Cafeicultura
245 1 _aProducao de mudas de cafe
260 3 _aVarginha, MG (Brasil):
_c1970.
300 _a13 p.
500 _a(*) Documento disponível no(a) Instituto Brasileiro do Cafe, Rio de Janeiro, RJ
650 _aCAFE
650 _aMUDA
650 _aVIVEIRO
909 _a202309
_bLucia
_c55
_dLucia Elande
942 _cBK
999 _c14455
_d14455